000 00829cab a22002415a 4500
001 L159905
008 150113e2018 xxk 000 0 eng d
035 _a(Sirsi) u159905
041 0 _aeng
050 _218
100 1 _aFarman, Matt
245 0 0 _aCladding cover
_h[electronic resource]
260 _aLondon
_bRICS
_c2018
490 _aRICS Building Surveying Journal
_vMarch - April 2018, 21(1)
520 _aAssesses the possible fallout from the Grefell Tower fire for professional indemnity insurance.
650 2 4 _aGRENFELL TOWER
650 2 4 _aPROFESSIONAL INDEMNITY INSURANCE
651 4 _aUnited Kingdom
_y
690 _aBusiness and management
856 4 0 _uhttps://issuu.com/ricsmodus/docs/building_surveying_journal_march_ap_aa689a2c570f4c
_z
_yAvailable free online via Issuu
856 4 0 _u
_z
942 _n0
999 _c85057
_d85057